000 00327nam a22001457a 4500
008 230515b ||||| |||| 00| 0 eng d
020 _a2900691146347
041 _aeng
080 _a574
082 _a574RUD
100 _a44
101 _aMJEDISI
245 _aPLOWA PLAGUES AND PETROLEUM
_cRUDDIMAN.F.W
942 _2udc
_cBK
999 _c59706
_d59706